00345nam a2200133Ia 4500008004100000020001800041041000800059082001100067100001300078245003400091250001100125260006100136650001400197260624s2022 xx 000 0 und d a9781451193572 aeng a616.07 aMedeiros aLoachims Lymph Node Pathology a5th ed bWolters Kluwer /Lippinocott Williams & Wilkins2022c2022 aPathology